| 000 | 00400 a2200121 4500 | ||
|---|---|---|---|
| 001 | ART_33043 | ||
| 005 | 20260410161926.0 | ||
| 008 | 260409a | ||
| 245 | 1 | 0 | _aRegulación de mercado de capitales y financieros luego de la crisis internacional |
| 100 | 1 | _aFerrer, Nicolás | |
| 700 | 1 | _aRodríguez de Sanctis, María Laura | |
| 773 | 0 |
_tLecturas _g- Nº 18 (ene. 2015) _wREV19328 |
|
| 999 |
_c28177 _d28177 |
||